|
|
|
|
| LEADER |
00000cam a2200000 7i4500 |
| 001 |
0000074681 |
| 005 |
20170806.0 |
| 008 |
170806 |
| 020 |
|
|
|a 9839792199
|
| 090 |
0 |
0 |
|a REG
|b MAL
|
| 245 |
0 |
0 |
|a Zaid gagah berani
|c Disusun oleh Saufil Ain
|
| 260 |
|
|
|a Selangor :
|b Penerbitan al-kautsar ,
|c 1994
|
| 490 |
1 |
|
|a Siri pejuang islam
|
| 999 |
|
|
|a 0000429452
|b Book
|c Children Collection
|e Cawangan Pontian
|
| 999 |
|
|
|a 0000498467
|b Book
|c Children Collection
|e Cawangan Pontian
|
| 999 |
|
|
|a 0000768121
|b Book
|c Children Collection
|e Cawangan Bandar Penawar
|
| 999 |
|
|
|a 0000768123
|b Book
|c Children Collection
|e Cawangan Bandar Penawar
|
| 999 |
|
|
|a 0000776397
|b Book
|c Children Collection
|e Cawangan Pontian
|
| 999 |
|
|
|a 0000776399
|b Book
|c Children Collection
|e Cawangan Pontian
|
| 999 |
|
|
|a 0000776400
|b Book
|c Children Collection
|e Cawangan Pontian
|
| 999 |
|
|
|a 0000776401
|b Book
|c Children Collection
|e Cawangan Pontian
|
| 999 |
|
|
|a 0000776402
|b Book
|c Children Collection
|e Cawangan Pontian
|
| 999 |
|
|
|a 0000789940
|b Book
|c Children Collection
|e Cawangan Segamat
|
| 999 |
|
|
|a 0000789941
|b Book
|c Children Collection
|e Cawangan Segamat
|
| 999 |
|
|
|a 0000789942
|b Book
|c Children Collection
|e Cawangan Segamat
|